मोटापाःकारण और बचाव / (Record no. 52749)

MARC details
000 -LEADER
fixed length control field 01113nam a22002417a 4500
005 - DATE AND TIME OF LATEST TRANSACTION
control field 20080905121451.0
008 - FIXED-LENGTH DATA ELEMENTS--GENERAL INFORMATION
fixed length control field 080905t xxu||||| |||| 00| 0 hin d
010 ## - LCCN (DPL NO)
LC control number HIN-92860
020 ## - INTERNATIONAL STANDARD BOOK NUMBER
Terms of availability 175.00
International Standard Book Number 9788189573171
035 ## - SYSTEM CONTROL NUMBER
System control number HN-65206
037 ## - SOURCE OF ACQUISITION
Source of stock number/acquisition DBAD / PUB
040 ## - CATALOGING SOURCE
Original cataloging agency DPL
Language of cataloging HN
082 ## - DEWEY DECIMAL CLASSIFICATION NUMBER
Classification number 613.25
100 ## - MAIN ENTRY--PERSONAL NAME
Personal name शर्मा, एस.के.
9 (RLIN) 28442
245 ## - TITLE STATEMENT
Title मोटापाःकारण और बचाव /
Statement of responsibility, etc एस.के. शर्मा
246 ## - VARYING FORM OF TITLE
Title proper/short title Motapa: karan aur bachav
Remainder of title by S.K. Sharma
260 ## - PUBLICATION, DISTRIBUTION, ETC. (IMPRINT)
Place of publication, distribution, etc दिल्ली
Name of publisher, distributor, etc चिल्ड्रन बुक टैंपल
Date of publication, distribution, etc 2010
270 ## - ADDRESS
Address सी-55, गणेश नगर, पांडव नगर कॉम्प्लैक्स
City दिल्ली
Postal code 110092
300 ## - PHYSICAL DESCRIPTION
Extent 132पृ
Dimensions 22सेमी (सजिल्द)
Other physical details सचित्र
650 ## - SUBJECT ADDED ENTRY--TOPICAL TERM
9 (RLIN) 28443
942 ## - ADDED ENTRY ELEMENTS (KOHA)
Institution code [OBSOLETE] dpl
Item type Hindi Books
Source of classification or shelving scheme Dewey Decimal Classification
Call number suffix शर्माए
Classification part 613.25
Holdings
Withdrawn status Lost status Source of classification or shelving scheme Damaged status Not for loan Collection code Home library Current library Date acquired Source of acquisition Cost, normal purchase price Total Checkouts Full call number Barcode Date last seen Copy number Cost, replacement price Koha item type
    Dewey Decimal Classification   Not For Loan Non-fiction D.B.Act.Division D.B.Act.Division 06/06/2011 DBAD / PUB 175.00   613.25 शर्माए HN-65206 06/06/2011 1 175.00 Hindi Books

© Delhi Public Library
Hit Counter
free hit counter